Les États-Unis de 1917 à nos jours (notice n° 2117838)

détails MARC
000 -LEADER
fixed length control field 01211cam a2200133 4500500
005 - DATE AND TIME OF LATEST TRANSACTION
control field 20260405015740.0
041 ## - LANGUAGE CODE
Language code of text/sound track or separate title fre
042 ## - AUTHENTICATION CODE
Authentication code dc
100 10 - MAIN ENTRY--PERSONAL NAME
Personal name Nouailhat, Yves-Henri
Relator term author
245 00 - TITLE STATEMENT
Title Les États-Unis de 1917 à nos jours
260 ## - PUBLICATION, DISTRIBUTION, ETC.
Name of publisher, distributor, etc. Armand Colin,<br/>
Date of publication, distribution, etc. 2009.<br/>
520 ## - SUMMARY, ETC.
Summary, etc. L'ouvrage étudie l'histoire des Etats-Unis sur près d'un siècle à travers les aspects politiques, économiques et culturels. C'est ainsi que l'auteur explique les raisons de  son entrée en guerre lors de la Première Guerre mondiale, la prospérité des années 1920 et la Grande Dépression qui a suivi. Le rôle des Etats-Unis dans la Seconde Guerre mondiale participe de l'arsenal de la démocratie mis en place par ses dirigeants, même si la guerre du Vietnam et la fin du mandat Nixon mettront fin au "rêve américain". De Reagan et la fin de la guerre froide à l'élection de Barack Obama en qui les Américains placent tous leurs espoirs (crise financière, etc.), est ainsi retracée l'histoire d'un pays critiqué (guerre en Irak, Guatanamo, etc.) mais qui fascine l'opinion
856 41 - ELECTRONIC LOCATION AND ACCESS
Uniform Resource Identifier <a href="https://shs.cairn.info/les-etats-unis-de-1917-a-nos-jours--9782200351472?lang=fr&redirect-ssocas=7080">https://shs.cairn.info/les-etats-unis-de-1917-a-nos-jours--9782200351472?lang=fr&redirect-ssocas=7080</a>

Pas d'exemplaire disponible.

PLUDOC

PLUDOC est la plateforme unique et centralisée de gestion des bibliothèques physiques et numériques de Guinée administré par le CEDUST. Elle est la plus grande base de données de ressources documentaires pour les Étudiants, Enseignants chercheurs et Chercheurs de Guinée.

Adresse

627 919 101/664 919 101

25 boulevard du commerce
Kaloum, Conakry, Guinée

Réseaux sociaux

Powered by Netsen Group @ 2025